LEADER 01224nam0-22003971i-450- 001 990003797280403321 005 20150421093407.0 010 $a88-7989-284-3 035 $a000379728 035 $aFED01000379728 035 $a(Aleph)000379728FED01 035 $a000379728 100 $a20030910d1996----km-y0itay50------ba 101 0 $aita 102 $aIT 105 $ay-------001yy 200 1 $a<>avvocato del diavolo$eil ruolo della superstizione nelle societą umane$fJames George Frazer$ga cura di Cristiano Camporesi 210 $aRoma$cDonzelli$d©1996 215 $aXXII7 p.$d17 cm 225 1 $aBiblioteca$v21 300 $aTrad. di: The Devil's Advocate. - Contiene l'indice analitico - 610 0 $aMagia$aAspetti antropologici 610 0 $aSuperstizioni$aAspetti antropologici 676 $a306.4 676 $a398.41 700 1$aFrazer,$bJames George$c$061951 702 1$aCamporesi,$bCristiano 801 0$aIT$bUNINA$gRICA$2UNIMARC 901 $aBK 912 $a990003797280403321 952 $a306.4 FRA 1$b6560$fBFS 952 $a306.4 FRA 1$bBibl. 28448$fFLFBC 959 $aBFS 959 $aFLFBC 996 $aAvvocato del diavolo$9506566 997 $aUNINA LEADER 01191nam0-2200349---450 001 990009348060403321 005 20250218132534.0 035 $a000934806 035 $aFED01000934806 035 $a(Aleph)000934806FED01 035 $a000934806 100 $a20110421h20042004km-y0itay50------ba 101 0 $aita 102 $aIT 105 $aab------001yy 200 1 $aJulianum - Giuliano - Giulianello$emateriali per la storia di un centro minore del Lazio meridionale$fa cura di Domenico Palombi$atesti di Micaela Angle ... [et al.]$gfotografie originali di Gino Ricci e Ivo Fanella 210 $a[S. l.$cs. n.]$d2004$ePontinia$gGrafica '87$h2004 215 $a118 p.$cill.$d21 cm 610 0 $aJulianum 610 0 $aGiuliano 610 0 $aGiulianello 676 $a914.562 702 1$aPalombi,$bDomenico 702 1$aAngle,$bMicaela 801 0$aIT$bUNINA$gRICA$2UNIMARC 901 $aBK 912 $a990009348060403321 952 $a914.56 PALD 02$b60845 bibl.$fFLFBC 959 $aFLFBC 996 $aJulianum - Giuliano - Giulianello$9767407 996 $aTesti di Micaela Angle ...$9767408 997 $aUNINA